000 00388nam a22000977a 4500
100 _aगौतम,नरेन्‍द्र
_979530
245 _aमुल्‍ला नसरूद्दीन के कारनामें
260 _aदिल्‍ली
_bड्रीम बुक सर्विस
_c2019
650 _aचिल्‍ड्रन बुक
_9159
942 _cHIN
999 _c63173
_d63173